| 000 | 03299nam a2200625 a 4500 | ||
|---|---|---|---|
| 999 |
_c115220 _d115220 |
||
| 003 | BJBSDDR | ||
| 005 | 20230411090721.0 | ||
| 007 | ta | ||
| 008 | 120521s20142013enka ob 001 0 eng d | ||
| 020 | _a1139794191 | ||
| 020 | _a1139889206 | ||
| 020 | _a1139779842 | ||
| 020 | _a1139782835 | ||
| 020 | _a1139776800 | ||
| 020 | _a1139783769 | ||
| 020 | _a1139177141 | ||
| 020 | _a1283746468 | ||
| 020 | _a1139778323 | ||
| 035 | _a(CKB)2550000000708496 | ||
| 035 | _a(EBL)1042514 | ||
| 035 | _a(OCoLC)821647497 | ||
| 035 | _a(SSID)ssj0000756450 | ||
| 035 | _a(PQKBManifestationID)11428112 | ||
| 035 | _a(PQKBTitleCode)TC0000756450 | ||
| 035 | _a(PQKBWorkID)10750991 | ||
| 035 | _a(PQKB)10627645 | ||
| 035 | _a(UkCbUP)CR9781139177146 | ||
| 035 | _a(MiAaPQ)EBC1042514 | ||
| 035 | _a(Au-PeEL)EBL1042514 | ||
| 035 | _a(CaPaEBR)ebr10621712 | ||
| 035 | _a(CaONFJC)MIL405896 | ||
| 035 | _a(EXLCZ)992550000000708496 | ||
| 040 |
_aMiAaPQ _cMiAaPQ _bspa |
||
| 041 | _aeng | ||
| 050 | 1 | 4 |
_aJZ 4841 _bL271n 2013 |
| 082 | 0 | 0 |
_a300 _223 |
| 100 | 1 |
_aLang, Sabine _d1959- |
|
| 245 | 1 | 0 |
_aNGOs, civil society, and the public sphere / _cSabine Lang. |
| 260 |
_aCambridge : _bCambridge University Press, _c2014 |
||
| 300 |
_a(273 p. :) _bill. ; _c24 cm |
||
| 500 | _aTitle from publisher's bibliographic system (viewed on 05 Oct 2015). | ||
| 504 | _aIncludes bibliographical references and index. | ||
| 505 | 8 | _aMachine generated contents note: 1. David or Goliath? situating NGOs in politics; 2. Civil society as a public sphere; 3. The NGOization of civil society; 4. Limits to NGO advocacy in the public sphere; 5. Urban development advocacy in the United States and Germany; 6. Transnational women's NGO networks in the European Union; 7. NGOs navigating inclusion in governance and public accountabilities; Appendix A. Interviews for chapter 5; Appendix B. Interviews for chapter 6; Appendix C. Website analysis for chapter 6; Appendix D. Issue crawler figures for chapter 6. | |
| 520 |
_a"Nongovernmental organizations act on behalf of citizens in politics and society. Yet many question their legitimacy and ask who they speak for. This book investigates how NGOs can become stronger advocates for citizens and better representatives of their interests. Sabine Lang analyzes the choices that NGOs face in their work for policy change between working in institutional settings and practicing public advocacy that incorporates constituents' voices. Whereas most books on NGOs focus on policy effectiveness, using approaches that treat accountability largely as a matter of internal performance measurements, Lang instead argues that it is ultimately several public accountabilities that inform NGO legitimacy. The case studies in this book use empirical research from the European Union, the United States, and Germany to point to governments' role in redefining the conditions for NGOs' public advocacy"-- _cProvided by publisher. |
||
| 546 | _aEnglish | ||
| 650 | 0 | _aNon-governmental organizations. | |
| 650 | 0 | _aCivil society. | |
| 650 | 0 |
_aOrganizaciones no gubernamentales _93218 |
|
| 650 | 4 |
_aSociedad civil _92278 |
|
| 655 | 4 | _aElectronic books. | |
| 776 | _z1-107-41755-4 | ||
| 776 | _z1-107-02499-4 | ||
| 906 | _aBOOK | ||
| 942 |
_2lcc _cBK |
||